| 000 | 00494nam a2200133Ia 4500 | ||
|---|---|---|---|
| 008 | 170419s9999 xx 000 0 und d | ||
| 100 | _aYoung, Linda K. | ||
| 245 | _aNurses for wisconsin: a collaborative initiative to enhance the nurse educator workforce | ||
| 245 | _cLinda K. Young, Jan L. Adams, Sally Lundeen, Katharyn A. May, Rosemary Smith, and L. Elaine Wendt | ||
| 260 | _bElsevier | ||
| 260 | _c2016 | ||
| 300 | _aJuly/August 2016 | ||
| 440 |
_aJournal of Profesional Nursing _v32:4 |
||
| 999 |
_c329531 _d329531 |
||